| 000 | 00558nam a2200205Ia 4500 | ||
|---|---|---|---|
| 003 | OSt | ||
| 005 | 20230626104508.0 | ||
| 008 | 210423s9999 xx 000 0 und d | ||
| 020 | _a9788131604960 | ||
| 040 | _cAL | ||
| 041 | _aeng | ||
| 082 |
_a808.8023 _223 _bJAIJ |
||
| 100 |
_aJAIN (Jasbir) _994040 |
||
| 245 | _aCultural narratives: hybridity and other spaces | ||
| 260 |
_bRawat Publications _aNew Delhi _c2013 |
||
| 300 |
_avii,230 _bHB |
||
| 365 |
_b650 _cINR |
||
| 906 | _aCultural ; hybridity ; narratives: ; other ; spaces | ||
| 942 |
_2ddc _cBK |
||
| 999 |
_c161212 _d161212 |
||